[Event "2nd Split Open 2012"]
[Site "Split CRO"]
[Date "2012.08.16"]
[Round "6.16"]
[White "Biliskov,V"]
[Black "Sergienko,Vladislav"]
[Result "1/2-1/2"]
[WhiteElo "2335"]
[BlackElo "2191"]

1.e4 c5 2.Nf3 Nc6 3.Bb5 g6 4.O-O Bg7 5.c3 e5 6.d4 cxd4 7.cxd4 exd4 8.Bf4 Nge7
9.Bd6 O-O 10.Nbd2 a6 11.Bc4 b5 12.Bd5 Bb7 13.Nb3 Nxd5 14.Bxf8 Qxf8 15.exd5 Nb4
16.Nfxd4 Bxd5 17.a3 Nc6 18.Qd2 Bh6 19.f4 Bc4 20.Rf3 Bg7 21.Re3 Bf6 22.Rae1 h5
23.Nf3 d5 24.Nbd4 Nxd4 25.Nxd4 Qc5 26.Rd1 Ba2 27.h3 Bb1 28.Rc3 Qa7 29.Kh2 Be4
30.Rc6 Bg7 31.Qc3 Bh6 32.f5 Qe7 33.fxg6 fxg6 34.Re6 Qf7 35.Qe1 Kh7 36.Rc6 Bg7
37.Kg1 Rf8 38.Ne6 Qa7+ 39.Kh1 Qd7 40.Rdc1 Bxb2 41.Qb4 Bg7 42.Rd6  1/2-1/2

[Event "25th Panevezys IM"]
[Site "Panevezys LTU"]
[Date "2012.08.17"]
[Round "7.3"]
[White "Bernotas,A"]
[Black "Narmontas,M"]
[Result "0-1"]
[WhiteElo "2292"]
[BlackElo "2409"]

1.e4 c5 2.Nf3 Nc6 3.Bb5 g6 4.O-O Bg7 5.Re1 e5 6.Bxc6 dxc6 7.d3 Ne7 8.Nbd2 h6
9.Nc4 Qc7 10.Be3 b6 11.a4 Be6 12.a5 O-O 13.b3 g5 14.Ra2 f5 15.exf5 Nxf5 16.Qe2 Bf7
17.h3 Rae8 18.axb6 axb6 19.Ncd2 Bh5 20.g4 Nd4 21.Bxd4 exd4 22.Ne4 Bg6 23.Kg2 Qf4
24.Ra7 h5 25.Rxg7+ Kxg7 26.Nfxg5 Re5 27.Nf3 Rxe4 28.dxe4 hxg4 29.Ng1 Re8
30.e5 gxh3+ 31.Nxh3 Qh4 32.Qf3 Rf8 33.Qxc6 Bf5 34.Ng1 Be4+  0-1

[Event "EY Boys U16 2012"]
[Site "Prague CZE"]
[Date "2012.08.17"]
[Round "1.30"]
[White "Fontaine,Quentin"]
[Black "Samdanov,S"]
[Result "1-0"]
[WhiteElo "1916"]
[BlackElo "2207"]

1.e4 c5 2.Nf3 Nc6 3.Bb5 Qb6 4.Nc3 e6 5.O-O Nge7 6.Re1 a6 7.Bc4 g6 8.d3 Bg7
9.Bb3 O-O 10.Bf4 Nd4 11.Ne5 Nxb3 12.axb3 d5 13.exd5 Nxd5 14.Nc4 Qc6 15.Be5 f6
16.Bg3 Rd8 17.Qf3 b5 18.Nxd5 exd5 19.Na5 Qb6 20.Re7 Rd6 21.Bxd6 Qxd6 22.Re8+ Bf8
23.Rae1 Rb8 24.Qg3 Kf7 25.Rxf8+  1-0

[Event "2nd Split Open 2012"]
[Site "Split CRO"]
[Date "2012.08.17"]
[Round "7.28"]
[White "Curic,D"]
[Black "Karkovic,M"]
[Result "1-0"]
[WhiteElo "2274"]
[BlackElo "2009"]

1.e4 c5 2.Nf3 Nc6 3.Bb5 Nd4 4.Nxd4 cxd4 5.O-O Qb6 6.Ba4 e6 7.d3 Nf6 8.e5 Nd5
9.c4 Ne7 10.Nd2 h5 11.c5 Qxc5 12.Ne4 Qxe5 13.f4 Qa5 14.Nd6+  1-0

[Event "2nd Split Open 2012"]
[Site "Split CRO"]
[Date "2012.08.17"]
[Round "7.20"]
[White "Bodrozic,T"]
[Black "Nikolova,A"]
[Result "1-0"]
[WhiteElo "2205"]
[BlackElo "2299"]

1.e4 c5 2.Nf3 Nc6 3.Bb5 d6 4.Bxc6+ bxc6 5.O-O Bg4 6.h3 Bh5 7.e5 e6 8.exd6 Bxd6
9.Nc3 Nf6 10.d3 Rb8 11.Re1 h6 12.Ne4 Nxe4 13.dxe4 Qc7 14.Qd3 Bf4 15.b3 Bxc1
16.Raxc1 Qf4 17.Nh2 O-O 18.Nf1 Rfd8 19.Qe3 Qxe3 20.Nxe3 f6 21.f3 Rd4 22.Rcd1 Rbd8
23.Kf2 Kf8 24.Ke2 Ke7 25.c3 Rxd1 26.Rxd1 Rb8 27.Nc4 e5 28.Nd6 Bg6 29.Nc4 Bf7
30.Ne3 g6 31.c4 Be6 32.Rd2 a5 33.Kd3 f5 34.Kc2 a4 35.Nd1 axb3+ 36.axb3 Ra8
37.Nb2 Ra5 38.Kc3 f4 39.Nd3 Kf6 40.Nxc5 Bf7 41.Na4 Ke7 42.Kb4 Ra8 43.Kc5 Be8
44.Nb6 Ra5+ 45.Kb4 Ra1 46.Nc8+ Kf6 47.Nd6 Bd7 48.Nb7 Be8 49.Nc5 Ke7 50.Nd3 Ke6
51.Nb2 g5 52.Kc5 h5 53.b4 Ra2 54.Rd6+ Ke7 55.Rd2 Bd7 56.Rf2 g4 57.hxg4 hxg4
58.Nd3 Ra1 59.Nxe5 g3 60.Rd2 Be8 61.Nd3 Rf1 62.Nxf4 Rf2 63.Re2 Bd7 64.b5 cxb5
65.cxb5 Kf7 66.e5 Ke8 67.e6 Bc8 68.e7 Bd7 69.b6 Rf1 70.Kd6  1-0

[Event "12th ch-Euro Seniors"]
[Site "Kaunas LTU"]
[Date "2012.08.18"]
[Round "1.35"]
[White "Strumilo,S"]
[Black "Valenti,G"]
[Result "1/2-1/2"]
[WhiteElo "1790"]
[BlackElo "2180"]

1.e4 c5 2.Nf3 Nc6 3.Bb5 d6 4.O-O Bd7 5.d4 cxd4 6.Nxd4 Nf6 7.Nc3 e6 8.Be3 Be7
9.Qe2 a6 10.Nxc6 Bxc6 11.Bxc6+ bxc6 12.Rad1 Qc7 13.f4 O-O 14.f5 Rfb8 15.fxe6 fxe6
16.Qc4 Qc8 17.Na4 d5 18.exd5 exd5 19.Qd3 Qd8 20.Qf5 Rb4 21.b3 Re4 22.Bb6 Qb8
23.Bd4 Qe8 24.c3 Qf7 25.Nc5 Bxc5 26.Bxc5 Rae8 27.Bd4 R4e6 28.b4 Qc7 29.Rd3 Ne4
30.Rdf3 Qe7 31.h3 Nd2 32.Rg3 Rg6 33.Bc5 Nxf1 34.Bxe7 Nxg3 35.Qd7 Ra8 36.Qb7 Re8
37.Qd7 Ra8 38.Qb7 Re8  1/2-1/2

[Event "2nd Isthmia Open A"]
[Site "Korinthia GRE"]
[Date "2012.08.18"]
[Round "1.23"]
[White "Goumas,G"]
[Black "Masouros,P"]
[Result "1-0"]
[WhiteElo "2409"]
[BlackElo "1935"]

1.e4 c5 2.Nf3 Nc6 3.Bb5 d6 4.Bxc6+ bxc6 5.O-O e5 6.c3 Nf6 7.Re1 Be7 8.d4 cxd4
9.cxd4 O-O 10.dxe5 dxe5 11.Qxd8 Rxd8 12.Nxe5 Nxe4 13.Nd2 Nxd2 14.Nxc6 Be6
15.Nxe7+ Kf8 16.Nc6 Rd6 17.Ne5 f6 18.b3 Kg8 19.Bxd2 Rxd2 20.Nf3 Rd6 21.Rad1 Rxd1
22.Rxd1 Rc8 23.h3 Kf7 24.Rd6 Rc1+ 25.Kh2 Bc8 26.Kg3 Ke7 27.Rd5 Rc2 28.Ra5 a6
29.Nd4 Rc3+ 30.f3 Kd6 31.Rh5 h6 32.Nf5+ Bxf5 33.Rxf5 Rc5 34.Kf4 Rc2 35.Ra5 Rxg2
36.Rxa6+ Kd5 37.a4 g5+ 38.Ke3 Rg3 39.Rxf6 Rxh3 40.Rg6 Rh4 41.Rb6 g4 42.Rb4 h5
43.fxg4 hxg4 44.Rb5+ Kc6 45.Kf4  1-0

[Event "27th Schwarzacher Open"]
[Site "Schwarzach AUT"]
[Date "2012.08.18"]
[Round "1.1"]
[White "Egle,M"]
[Black "Palac,M"]
[Result "0-1"]
[WhiteElo "2113"]
[BlackElo "2599"]

1.e4 c5 2.Nf3 Nc6 3.Bb5 e6 4.O-O Nge7 5.Re1 Nd4 6.Bf1 Nec6 7.c3 Nxf3+ 8.Qxf3 Be7
9.d3 O-O 10.Qe2 e5 11.Nd2 d6 12.a3 Be6 13.b4 b5 14.Nf3 a5 15.bxc5 dxc5 16.d4 Bc4
17.Qb2 cxd4 18.cxd4 exd4 19.Bxc4 bxc4 20.Qb5 Rc8 21.Qxc4 Nb4 22.Qxd4 Nc2  0-1

[Event "11th Lichtenberger Sommer 2012"]
[Site "Berlin GER"]
[Date "2012.08.19"]
[Round "2.83"]
[White "Korb,Viktor"]
[Black "Schubert,Joachim"]
[Result "0-1"]
[WhiteElo "1629"]
[BlackElo "1771"]

1.e4 c5 2.Nf3 Nc6 3.Bb5 e6 4.O-O Nge7 5.c3 a6 6.Bxc6 Nxc6 7.d4 cxd4 8.cxd4 d5
9.e5 Be7 10.Be3 O-O 11.a3 Bd7 12.b4 Rc8 13.Nbd2 Na7 14.Nb3 Ba4 15.Qb1 b6
16.Qb2 Qd7 17.Rac1 Qb5 18.Nbd2 Qd3 19.Nb1 Nb5 20.Ne1 Qb3 21.Qxb3 Bxb3 22.Nf3 Bc2
23.Bd2 Rc4 24.a4 Bxa4 25.Rxc4 dxc4 26.Nc3 Nxc3 27.Bxc3 Ra8 28.Nd2 Bb5 29.Nb1 a5
30.bxa5 bxa5 31.Nd2 Bb4 32.Nb1 Ba4 33.Rc1 Bb5 34.f4 Rd8 35.Rd1 Ba4 36.Rd2 Bb3
37.Kf2 Bxc3 38.Nxc3 a4 39.Ke3 a3 40.Rf2 Rb8 41.f5 exf5 42.d5 g6 43.d6 Kf8
44.Kd4 Ke8 45.Re2 Kd7 46.Kd5 Ra8 47.Re1 Ra5+ 48.Kd4 Ke6 49.g3 Ra8 50.h4 h6
51.Nb5 Ra5 52.Kc5 Kd7 53.Kb4 Ra4+ 54.Kc3 g5 55.hxg5 hxg5 56.Ra1 a2 57.Nd4 Ra5
58.Nxb3 cxb3 59.Kxb3 Rxe5 60.Rxa2 Re3+ 61.Kc4 Kxd6 62.Rg2 Ke5 63.Rg1 Ke4
64.Kc5 Kf3 65.Rf1+ Kg4 66.Kd5 Rxg3 67.Ke5 Re3+ 68.Kf6 f4 69.Rg1+ Rg3 70.Ra1 Kh3  0-1

[Event "11th Lichtenberger Sommer 2012"]
[Site "Berlin GER"]
[Date "2012.08.19"]
[Round "2.69"]
[White "Barwich,Andreas"]
[Black "Kranch,Klaus"]
[Result "1-0"]
[WhiteElo "1945"]
[BlackElo "1770"]

1.e4 c5 2.Nf3 Nc6 3.Bb5 e6 4.O-O Nge7 5.Re1 g6 6.c3 Bg7 7.d3 O-O 8.Be3 d6
9.Qd2 Re8 10.e5 a6 11.Ba4 b5 12.Bc2 Nxe5 13.Nxe5 Bxe5 14.d4 cxd4 15.cxd4 Bg7
16.Bh6 Bh8 17.Re3 Nf5 18.Bxf5 exf5 19.Bg5 Qd7 20.Rxe8+ Qxe8 21.Nc3 f6 22.Bf4 Qd7
23.Nd5 Rb8 24.Qb4 Bb7 25.Bxd6 Rd8 26.Ne7+ Kf7 27.Bc5 Bd5 28.Nxd5 Qxd5 29.Qa5 Re8
30.Qxa6 f4 31.Qxb5 Qe4 32.h3 f5 33.Qb3+ Kg7 34.Rd1 Kh6 35.Qd3 Qd5 36.b3 Re4
37.a4 g5 38.Qc4 Qd7 39.f3 Re3 40.a5 g4 41.d5 Be5 42.Bxe3 fxe3 43.Qc6+  1-0

[Event "12th Brasschaat Open"]
[Site "Brasschaat BEL"]
[Date "2012.08.19"]
[Round "2.6"]
[White "Docx,S"]
[Black "Jacobs,Paul"]
[Result "1-0"]
[WhiteElo "2398"]
[BlackElo "1867"]

1.e4 c5 2.Nf3 Nc6 3.Bb5 d6 4.O-O e6 5.c4 Bd7 6.Nc3 a6 7.Ba4 Nf6 8.d4 cxd4
9.Nxd4 Be7 10.Nf3 O-O 11.Bg5 Na5 12.Bxd7 Nxd7 13.Bxe7 Qxe7 14.b3 Nc6 15.Qd2 Rad8
16.Rad1 Nde5 17.Ne1 f5 18.exf5 Rxf5 19.Nc2 Ng6 20.f4 Qf7 21.g3 d5 22.cxd5 exd5
23.Ne3 Rf6 24.Nexd5 Rfd6 25.Qg2 h6 26.Ne3 Qc7 27.Rxd6 Rxd6 28.Ned5 Qa5 29.Qe4 Nf8
30.f5 Qc5+ 31.Kh1 Qd4 32.Qxd4 Nxd4 33.Rd1  1-0

[Event "e2e4 Gatwick Masters B 2012"]
[Site "Crawley ENG"]
[Date "2012.08.19"]
[Round "3.2"]
[White "Wall,G"]
[Black "Burke,Steven J"]
[Result "1-0"]
[WhiteElo "2338"]
[BlackElo "2041"]

1.e4 c5 2.Nf3 Nc6 3.Bb5 d6 4.d4 cxd4 5.Qxd4 Qa5+ 6.Nc3 Qxb5 7.Nxb5 Nxd4 8.Nfxd4 Kd7
9.Be3 e5 10.Ne2 a6 11.Na7 b6 12.Nxc8 Kxc8 13.Nc3 Nf6 14.O-O-O Kb7 15.Rd3 Rc8
16.Rhd1 Rc4 17.f3 h6 18.g4 Be7 19.b3 Rc6 20.Kb2 Rhc8 21.R1d2 Ne8 22.Nd5 Bh4
23.g5 Bxg5 24.Bxg5 hxg5 25.Ne7 f6 26.Rg2 Nc7 27.Nxc6 Kxc6 28.h4 d5 29.hxg5 d4
30.gxf6 gxf6 31.Rg6 Rf8 32.f4 Kd6 33.Rf3 exf4 34.Rxf4 Ke5 35.Rf5+ Ke6 36.a4 Ne8
37.Rd5 Nd6 38.Rxd4 Ke5 39.Rb4 b5 40.axb5 axb5 41.Rh6 Rg8 42.Rh5+ Rg5 43.Rh8 Rg4
44.Rh5+ f5 45.Rxb5+ Kxe4 46.Rb6 Rg6 47.Rh4+ Kf3 48.Ka2 f4 49.c4 Rg2+ 50.Ka3 Nf5
51.Rh8 Rg5 52.c5 Kg2 53.c6 f3 54.c7 f2 55.c8=Q f1=Q 56.Qc2+ Kf3 57.Qc3+ Ne3
58.Rf6+ Ke4  1-0

[Event "21st Feffernitz Open"]
[Site "Feffernitz AUT"]
[Date "2012.08.19"]
[Round "2.18"]
[White "Okhotnik,V"]
[Black "Sanzani,P"]
[Result "1-0"]
[WhiteElo "2423"]
[BlackElo "1859"]

1.e4 c5 2.Nf3 Nc6 3.Bb5 d6 4.Bxc6+ bxc6 5.e5 d5 6.h3 Bf5 7.O-O e6 8.d3 Be7
9.Nc3 h6 10.Na4 Qa5 11.b3 Rd8 12.Be3 Bh7 13.Qe1 Qxe1 14.Nxe1 d4 15.Bc1 Rb8
16.Ba3 Rb5 17.Nf3 Kd7 18.Nd2 f5 19.f4 g5 20.Nc4 Bg6 21.Rae1 Rh7 22.Nd6 Bxd6
23.exd6 Kxd6 24.Nxc5  1-0

[Event "EY Boys U14 2012"]
[Site "Prague CZE"]
[Date "2012.08.19"]
[Round "3.33"]
[White "Haria,R"]
[Black "Lopatik,N"]
[Result "1-0"]
[WhiteElo "2054"]
[BlackElo "1869"]

1.e4 c5 2.Nf3 Nc6 3.Bb5 g6 4.Bxc6 dxc6 5.d3 Bg7 6.h3 e5 7.Nc3 Qe7 8.Be3 Nf6
9.Qd2 h6 10.O-O Nd7 11.Nh2 Nf8 12.f4 exf4 13.Rxf4 Ne6 14.Rf2 Nd4 15.Raf1 Be6
16.Ng4 O-O-O 17.e5 Nf5 18.Ne4 Nxe3 19.Qxe3 Bxg4 20.Rxf7 Qxe5 21.hxg4 Qxb2
22.c3 Bf8 23.Qf4 Qb6 24.c4 h5 25.Qf6 Rg8 26.Qe6+ Kb8 27.Nf6 Bh6 28.Nxg8 Rxg8
29.g5 Bg7 30.Rxg7  1-0

[Event "LBV Open A 2012"]
[Site "Roosendaal NED"]
[Date "2012.08.19"]
[Round "6.8"]
[White "Kasparov,S"]
[Black "Van Oosterom,C"]
[Result "1-0"]
[WhiteElo "2490"]
[BlackElo "2384"]

1.e4 c5 2.Nf3 Nc6 3.Bb5 Nf6 4.Bxc6 dxc6 5.d3 Bg4 6.h3 Bh5 7.Nc3 e6 8.Bf4 c4
9.g4 Bg6 10.Ne5 cxd3 11.cxd3 Bd6 12.Qf3 Qc7 13.d4 Nd7 14.Nxg6 hxg6 15.Bxd6 Qxd6
16.O-O-O e5 17.Qg3 g5 18.d5 Qe7 19.Kb1 Rh6 20.Rd3 Nc5 21.Rd2 O-O-O 22.Qe3 Na6
23.dxc6 bxc6 24.Rxd8+ Qxd8 25.Qxa7 Qd3+ 26.Kc1 Nc7 27.Rd1 Qc4 28.Qe3 Ne6
29.Kb1 Rh8 30.Qa7 Nc7 31.Na4 Qxe4+ 32.Ka1 Nd5 33.Nc5  1-0

[Event "12th ch-Euro Seniors w"]
[Site "Kaunas LTU"]
[Date "2012.08.20"]
[Round "3.2"]
[White "Fomina,T"]
[Black "Fatalibekova,E"]
[Result "1-0"]
[WhiteElo "2189"]
[BlackElo "2273"]

1.e4 c5 2.Nf3 Nc6 3.Bb5 e6 4.Bxc6 bxc6 5.d3 Ne7 6.Be3 Ng6 7.h4 h5 8.g3 e5
9.O-O d6 10.Nh2 Bh3 11.Re1 Be7 12.Nc3 Nf8 13.f4 exf4 14.Bxf4 Ne6 15.Ne2 f6
16.Bd2 g5 17.hxg5 fxg5 18.Kh1 Bf6 19.Ng1 Bg4 20.Nxg4 hxg4+ 21.Kg2 Bxb2 22.Qxg4 Qd7
23.Bxg5 Nxg5 24.Qxg5 Bxa1 25.Rxa1 Qe7 26.Qg6+ Kd7 27.Nh3 Rhg8 28.Qf5+ Kc7
29.Nf4 Rae8 30.Rh1 Qg5 31.Qf7+ Kc8 32.Rh3 Re7 33.Qf5+ Kb7 34.Kf3 Qg7 35.c4 Qa1
36.Rh2 Qd1+ 37.Re2 Reg7 38.Kf2 Rxg3 39.Qd7+  1-0

[Event "12th ch-Euro Seniors"]
[Site "Kaunas LTU"]
[Date "2012.08.20"]
[Round "3.18"]
[White "Malmdin,N"]
[Black "Taksrud,V"]
[Result "1-0"]
[WhiteElo "2297"]
[BlackElo "2057"]

1.e4 c5 2.Nf3 Nc6 3.Bb5 Nf6 4.Nc3 a6 5.Bxc6 dxc6 6.h3 g6 7.O-O Bg7 8.d3 O-O
9.Be3 Nd7 10.Qd2 Qc7 11.Bh6 Ne5 12.Nh2 Bxh6 13.Qxh6 f6 14.Qe3 Qd6 15.Kh1 Qd4
16.Qg3 Nf7 17.f4 e6 18.Nf3 Qd8 19.Rae1 e5 20.f5 g5 21.h4 h6 22.hxg5 hxg5
23.Nh4 Kg7 24.Nf3 b5 25.Kg1 a5 26.Kf2 a4 27.Rh1 Rh8 28.Nh4 c4 29.Ng6 Rxh1
30.Rxh1 a3 31.Qh3 Qg8 32.b3 b4 33.Ne2 cxb3 34.cxb3 Ba6 35.Ng3 Nd8 36.Ne7  1-0

[Event "e2e4 Gatwick Masters A 2012"]
[Site "Crawley ENG"]
[Date "2012.08.21"]
[Round "6.4"]
[White "Merry,Alan B"]
[Black "Jackson,J"]
[Result "1-0"]
[WhiteElo "2210"]
[BlackElo "2126"]

1.e4 c5 2.Nf3 Nc6 3.Bb5 Na5 4.Be2 a6 5.c4 e6 6.Nc3 Qc7 7.O-O b6 8.b3 Bb7
9.Bb2 Nf6 10.e5 Ng4 11.d4 Nc6 12.h3 h5 13.Nd5 exd5 14.cxd5 Nb4 15.d6 Qd8
16.dxc5 bxc5 17.Bc1 Rc8 18.Bc4 g5 19.hxg4 Bh6 20.Nh2 h4 21.Bb2 Bg7 22.Qb1 O-O
23.Qf5 Bd5 24.Bxd5 Nxd5 25.Nf3 Nf4 26.Nxg5 Ng6 27.Ne4 c4 28.Rac1 Qa5 29.Qh5 Rfe8
30.Bc3 Qd5 31.Qf5 cxb3 32.Rfd1 Qe6 33.axb3 Qxf5 34.gxf5 Nxe5 35.f3 f6 36.Bxe5 fxe5
37.Rc7 Rf8 38.f6 Bh6 39.Rd3 Bf4 40.Rdc3 Rcd8 41.Rb7 Kf7 42.Rcc7 Ke6 43.b4 Bg3
44.Kf1 Bf4 45.Nc5+ Kxd6 46.Rxd7+ Rxd7 47.Rxd7+ Kc6 48.Ra7 Kb5 49.f7 Be3 50.Rb7+ Kc6
51.Ne6 Kxb7 52.Nxf8 Kc6 53.Ng6 Bh6 54.Nxe5+ Kd5 55.f4 Ke4 56.Nd7 Kxf4 57.f8=Q+ Bxf8
58.Nxf8 Kg3 59.Nd7 h3 60.gxh3 Kxh3 61.Ke2 Kg4 62.Kd3 Kf5 63.Kc4  1-0

[Event "ZMDI Open A 2012"]
[Site "Dresden GER"]
[Date "2012.08.21"]
[Round "4"]
[White "Szabo,Krisz1"]
[Black "Neef,M"]
[Result "1/2-1/2"]
[WhiteElo "2548"]
[BlackElo "2100"]

1.e4 c5 2.Nf3 Nc6 3.Bb5 g6 4.O-O Bg7 5.c3 Nf6 6.Re1 O-O 7.h3 Re8 8.e5 Nd5
9.d4 cxd4 10.cxd4 d6 11.Na3 Nc7 12.Ba4 Be6 13.Bf4 Bd5 14.Rc1 Qd7 15.Rc3 Rab8
16.Rce3 b5 17.Bb3 Bxb3 18.Rxb3 Ne6 19.Bg3 dxe5 20.dxe5 Qxd1 21.Rxd1 b4 22.Nc4 Nc5
23.Re3 Rbd8 24.Ree1 Nd3 25.Rf1 Nd4 26.Nxd4 Rxd4 27.b3 Red8 28.f3  1/2-1/2

[Event "12th World Uni Men"]
[Site "Guimaraes POR"]
[Date "2012.08.21"]
[Round "4.10"]
[White "Martins,Vin"]
[Black "Fernandez,Mario"]
[Result "1-0"]
[WhiteElo "2345"]
[BlackElo "2101"]

1.e4 c5 2.Nf3 Nc6 3.Bb5 g6 4.Bxc6 dxc6 5.d3 Bg7 6.h3 Nf6 7.Nc3 O-O 8.O-O e5
9.Be3 b6 10.Nd2 Nh5 11.a4 a5 12.Ne2 Qe7 13.Nc4 Be6 14.b3 Rfb8 15.Qd2 Rb7
16.Rab1 Qd8 17.Ra1 Rd7 18.Qe1 Nf4 19.Nxf4 exf4 20.Bxf4 Bxa1 21.Qxa1 f6 22.Nd2 b5
23.Qc3 Qe7 24.Be3 c4 25.bxc4 b4 26.Qa1 Rb7 27.Nb3 Kf7 28.Qc1 Rbb8 29.Bc5 Qd8
30.Qh6 Qg8 31.Re1 g5 32.f4 gxf4 33.Qxf4 Qg5 34.Qc7+ Kg6 35.Re3 Rc8 36.Qh2 Kf7
37.Qd6 Re8 38.Qc7+  1-0

[Event "12th ch-Euro Seniors w"]
[Site "Kaunas LTU"]
[Date "2012.08.21"]
[Round "4.4"]
[White "Miednikova,S"]
[Black "Tsifanskaya,L"]
[Result "1/2-1/2"]
[WhiteElo "2177"]
[BlackElo "2133"]

1.e4 c5 2.Nf3 Nc6 3.Bb5 g6 4.Bxc6 dxc6 5.d3 Bg7 6.h3 Nf6 7.Be3 Nd7 8.Nc3 e5
9.Qd2 h6 10.O-O b6 11.Nh2 Nf8 12.f4 exf4 13.Bxf4 Ne6 14.Bg3 Nd4 15.Rae1 O-O
16.e5 Nf5 17.Bf2 Qg5 18.Qxg5 hxg5 19.Nf3 g4 20.hxg4 Nd4 21.Nxd4 cxd4 22.Bxd4 Bxg4
23.Ne4 Rfe8 24.a4 Re7 25.a5 Rd8 26.Bc3 Rd5 27.axb6 axb6 28.Nf6+ Bxf6 29.Rxf6 Be6
30.Ra1 Re8 31.Ra6 Rb8 32.Rf1 c5 33.Rfa1 b5 34.Ra8 Rxa8 35.Rxa8+ Kg7 36.b4 g5
37.Bd2 cxb4 38.Bxb4  1/2-1/2

[Event "12th Brasschaat Open"]
[Site "Brasschaat BEL"]
[Date "2012.08.22"]
[Round "5.2"]
[White "Dgebuadze,A"]
[Black "Leenaerts,R"]
[Result "1-0"]
[WhiteElo "2556"]
[BlackElo "2218"]

1.e4 c5 2.Nf3 Nc6 3.Bb5 d6 4.d4 cxd4 5.Qxd4 Bd7 6.Bxc6 Bxc6 7.Nc3 Nf6 8.Bg5 e6
9.O-O-O Be7 10.Rhe1 Qa5 11.Kb1 O-O 12.Qd3 Rfd8 13.h4 a6 14.Nd4 Qc7 15.f3 b5
16.g4 Bb7 17.Nce2 Kf8 18.Nf4 Qc4 19.Qd2 h6 20.b3 Qc8 21.Bxf6 Bxf6 22.Nh5 Bxh4
23.Rh1 Bg5 24.f4 Be7 25.g5 hxg5 26.fxg5 Bxe4 27.Rh4 d5 28.Ng3 f5 29.Rh7 e5
30.g6 Bf6 31.Qb4+ Ke8 32.Nh5 Be7 33.Nxg7+ Kd7 34.Ngxf5 exd4 35.Rxe7+ Kc6
36.Nxd4+  1-0

[Event "12th World Uni Men"]
[Site "Guimaraes POR"]
[Date "2012.08.22"]
[Round "6.10"]
[White "Martins,Vin"]
[Black "Palma,Al"]
[Result "1-0"]
[WhiteElo "2345"]
[BlackElo "2180"]

1.e4 c5 2.Nf3 Nc6 3.Bb5 g6 4.Bxc6 dxc6 5.d3 Bg7 6.h3 Nf6 7.O-O Nd7 8.Nc3 O-O
9.Be3 e5 10.Qd2 Qe7 11.Nh2 Nf6 12.Bh6 Nh5 13.Bxg7 Kxg7 14.Ne2 Qd6 15.Qe3 Be6
16.b3 Rad8 17.a4 Rd7 18.Kh1 Nf4 19.Nf3 Nxe2 20.Qxe2 f6 21.Qe3 b6 22.Rfe1 Rfd8
23.Rf1 Qe7 24.Ng1 Bxb3 25.cxb3 Rxd3 26.Qe2 Qe6 27.Rab1 Rxb3 28.Rbd1 Rd4 29.a5 Qd7
30.Nf3 Rdd3 31.axb6 axb6 32.Kh2 c4 33.Ra1 b5 34.Ra2 Ra3 35.Rfa1 Rxa2 36.Qxa2 Qb7
37.Qa5 c5 38.Ne1 Rd6 39.Rb1 Rb6 40.Nc2 c3 41.Qxc3 Qxe4 42.Qxc5 Rc6 43.Qa7+ Kh6
44.Qe3+ Qxe3 45.Nxe3 Rc5 46.Ra1 f5 47.Ra7 Rc1 48.Rb7 Rb1 49.Nd5 Rb2 50.f3 f4
51.h4 Rd2 52.Nf6 g5 53.h5 g4 54.Rxh7+  1-0

[Event "2nd Isthmia Open A"]
[Site "Korinthia GRE"]
[Date "2012.08.22"]
[Round "6.24"]
[White "Nikolakopoulos,N"]
[Black "Nikolaou,G"]
[Result "0-1"]
[WhiteElo "1998"]
[BlackElo "2224"]

1.e4 c5 2.Nf3 Nc6 3.Bb5 Qb6 4.Nc3 e6 5.Bxc6 Qxc6 6.d4 cxd4 7.Qxd4 a6 8.O-O b5
9.Re1 Bb7 10.Bg5 f6 11.Bh4 Bc5 12.Qd3 Ne7 13.Rad1 e5 14.Bg3 d6 15.Nd5 Nxd5
16.exd5 Qd7 17.h4 O-O 18.h5 Qg4 19.b4 Qxb4 20.Re4 Qa3 21.Qd2 b4 22.h6 g6
23.Kh2 Qxa2 24.Rxb4 Bxb4 25.Qxb4 Bxd5 26.Qxd6 Bxf3 27.gxf3 Qf7 28.f4 exf4
29.Bxf4 g5 30.Bg3 Rae8 31.Kg2 Re6 32.Qd5 Rfe8 33.Qf5 Qb7+ 34.Kh3 Qc6 35.Rd5 Re1
36.Rd7 R1e7 37.Rd6 Qc8 38.Rxf6 Qxf5+ 39.Rxf5 Re6 40.Rxg5+ Rg6 41.Rc5 Rxh6+
42.Kg4 Ra8 43.Be5 Rg6+ 44.Kf3 a5 45.Rc3 a4 46.Ra3 Rc6 47.Ra2 Kf7 48.Ke4 Ke6
49.f4 Rc4+ 50.Bd4 Ra5 51.c3 h5 52.Re2 Kf7 53.f5 a3 54.Ra2 h4 55.Kf4 h3 56.Kg3 Rxd4
57.cxd4 Kf6 58.Kxh3 Kxf5  0-1

[Event "EY Boys U14 2012"]
[Site "Prague CZE"]
[Date "2012.08.22"]
[Round "6.12"]
[White "Shtembuliak,E"]
[Black "Garriga Cazorla,Pere"]
[Result "0-1"]
[WhiteElo "2153"]
[BlackElo "2043"]

1.e4 c5 2.Nf3 Nc6 3.Bb5 g6 4.O-O Bg7 5.Bxc6 bxc6 6.e5 Nh6 7.Nc3 O-O 8.d3 f6
9.exf6 exf6 10.Re1 Nf7 11.b3 d6 12.Bb2 Ne5 13.h3 Bf5 14.Ne4 Qc7 15.Ng3 Bd7
16.c4 Rae8 17.Nf1 Qa5 18.Ne3 f5 19.Nxe5 dxe5 20.Nf1 Qc7 21.Qe2 Rf7 22.Bc3 Bc8
23.Qb2 Rfe7 24.Rad1 g5 25.Re2 h5 26.f3 Qd6 27.Rde1 Kf7 28.Nh2 f4 29.Re4 Bf5
30.Qe2 Bxe4 31.Qxe4 Qg6 32.Nf1 Qxe4 33.dxe4 Rd7 34.Kf2 Bf6 35.Ke2 Ke6 36.Nd2 Rg8
37.Rh1 g4 38.hxg4 hxg4 39.Rh2 gxf3+ 40.Nxf3 Rh8 41.Ng5+ Kd6 42.Nh3 Rg7 43.Be1 Rhh7
44.Bf2 Bh4 45.Ng1 Bg3 46.Rxh7 Rxh7 47.Bxg3 fxg3 48.Ke3 Rh2 49.Kf3 Rh1 50.Ne2 Ra1
51.Nc3 Rc1 52.Na4 Rc2 53.a3 Ra2 54.Kxg3 Rxa3 55.Kg4 Rxb3 56.Kf5 Rb4 57.Nc3 Rxc4
58.Nd1 Rb4 59.g4 a5 60.g5 a4  0-1

[Event "11th Lichtenberger Sommer 2012"]
[Site "Berlin GER"]
[Date "2012.08.23"]
[Round "6.73"]
[White "Walter,Gu2 GER"]
[Black "Schoenemann,M"]
[Result "1-0"]
[WhiteElo "1983"]
[BlackElo "1788"]

1.e4 c5 2.Nf3 Nc6 3.Bb5 Qc7 4.Nc3 e6 5.O-O a6 6.Bxc6 bxc6 7.e5 Ne7 8.b3 Rb8
9.d3 Nf5 10.Ne4 h6 11.Ba3 Qa5 12.Bb2 Be7 13.g4 Nh4 14.Nxh4 Bxh4 15.Nd6+ Ke7
16.Qf3 f6 17.Qh3 g5 18.Nc4 Qc7 19.exf6+ Kd8 20.f7 Rf8 21.Bf6+  1-0

[Event "11th Lichtenberger Sommer 2012"]
[Site "Berlin GER"]
[Date "2012.08.23"]
[Round "6.22"]
[White "Hoeckendorf,H"]
[Black "Guenther,T"]
[Result "1/2-1/2"]
[WhiteElo "2185"]
[BlackElo "2085"]

1.e4 c5 2.Nf3 Nc6 3.Bb5 d6 4.d4 cxd4 5.Qxd4 Bd7 6.Bxc6 Bxc6 7.c4 Nf6 8.Nc3 e6
9.O-O Be7 10.b3 Qa5 11.Bb2 O-O 12.Rfe1 Rfd8 13.Rac1 Bf8 14.a3  1/2-1/2

[Event "12th ch-Euro Seniors"]
[Site "Kaunas LTU"]
[Date "2012.08.23"]
[Round "6.5"]
[White "Barle,J"]
[Black "Bogdanov,Val"]
[Result "0-1"]
[WhiteElo "2382"]
[BlackElo "2374"]

1.e4 c5 2.Nf3 Nc6 3.Bb5 g6 4.O-O Bg7 5.c3 e5 6.d4 cxd4 7.cxd4 Nxd4 8.Nxd4 exd4
9.Qb3 Ne7 10.Bf4 a6 11.Bc4 d5 12.Bxd5 Nxd5 13.exd5 O-O 14.Nd2 g5 15.Bg3 f5
16.f4 g4 17.Rfe1 b5 18.Rac1 Ra7 19.d6+ Kh8 20.Qd5 Rd7 21.Qc5 Rxd6 22.Bh4 Bf6
23.Bxf6+ Qxf6 24.a4 Bd7 25.axb5 axb5 26.Qe5 Re6 27.Qxf6+ Rfxf6 28.Kf2 Rxe1
29.Rxe1 Rc6 30.Re7 Be6 31.Re8+ Kg7 32.Rd8 Rc2 33.Rxd4 Rxb2 34.Ke3 b4 35.g3 Kf6
36.Rd6 h5 37.Rb6 b3 38.Kd3 Ke7 39.Rb7+ Kd6 40.Rh7 Rc2 41.Rxh5 Rc8 42.Rh7 Rb8
43.Ra7 Bd5 44.Ra6+ Ke7 45.Ra1 b2 46.Rb1 Ba2 47.Re1+ Kd6 48.Kc2 Kc5 49.Nb1 Bd5
50.Nc3 Be4+ 51.Nxe4+ fxe4 52.Rb1 e3 53.f5 Kd4 54.f6 Rc8+ 55.Kb3 e2 56.f7 Rf8
57.Kxb2 Rxf7 58.Kc2 Ke3  0-1

[Event "2nd Isthmia Open A"]
[Site "Korinthia GRE"]
[Date "2012.08.23"]
[Round "7.2"]
[White "Van Kampen,R"]
[Black "Miljkovic,Mir1"]
[Result "1/2-1/2"]
[WhiteElo "2565"]
[BlackElo "2449"]

1.e4 c5 2.Nf3 Nc6 3.Bb5 d6 4.O-O Bd7 5.Re1 Nf6 6.c3 a6 7.Bf1 Bg4 8.h3 Bxf3
9.Qxf3 g6 10.d3 Bg7 11.Be3 Nd7 12.Nd2 O-O 13.Qd1 b5 14.Nf3 e5 15.d4 exd4
16.cxd4 Re8 17.d5 Nce5 18.Nd2 g5 19.b3 h6 20.Be2 Ng6 21.Rc1 Be5 22.g3 Bg7
23.Rc2 Kh8 24.Bf1 Qf6 25.a4 Rab8 26.axb5 axb5 27.Ra2 Qd8 28.Ra7 Re7 29.Qc2 Qe8
30.Ra6 Nb6 31.b4 Qc8 32.Qa2 Na4 33.Rc6 Rc7 34.Rc1 Rxc6 35.dxc6 Qxc6 36.Qxf7 Ne5
37.Qh5 Kg8 38.h4 gxh4 39.Qxh4 Nf7 40.Nb3 Nc3 41.bxc5 dxc5 42.Nxc5 Re8 43.Qg4 Ne5
44.Qh5 Rf8 45.f4 Nc4 46.Bxc4+ bxc4 47.e5 Nd5 48.Qf3 Rc8 49.Bf2 c3 50.Qg4 Kh8
51.Qf5 Bf8 52.Ne6 Qd7 53.Qg6 Ba3 54.Rc2 Qh7 55.Qxh7+ Kxh7 56.Bd4 Bb2 57.f5 Nb4
58.Rxb2 cxb2 59.Bxb2 Kg8 60.Nf4 Rc2 61.Ba3 Nc6 62.e6 Rc3 63.Bd6 Rxg3+ 64.Kf2 Rg5
65.f6 Rf5 66.f7+ Rxf7 67.exf7+ Kxf7 68.Kf3 Nd4+ 69.Kg4 Ne6 70.Nxe6 Kxe6 71.Kh5 Kxd6
72.Kxh6  1/2-1/2

[Event "ch-FRA w 2012"]
[Site "Pau FRA"]
[Date "2012.08.23"]
[Round "9"]
[White "Skripchenko,A"]
[Black "Maisuradze,N"]
[Result "1/2-1/2"]
[WhiteElo "2442"]
[BlackElo "2284"]

1.e4 c5 2.Nf3 Nc6 3.Bb5 g6 4.O-O Bg7 5.c3 Nf6 6.Re1 O-O 7.e5 Nd5 8.d4 cxd4
9.cxd4 d6 10.Nc3 Nxc3 11.bxc3 dxe5 12.Bxc6 bxc6 13.Nxe5 c5 14.Nc6 Qd7 15.Nxe7+ Kh8
16.Nxc8 Rfxc8 17.Be3 cxd4 18.Bxd4 Bxd4 19.cxd4 Rc6 20.Qf3 Rd8 21.Rad1 Rd6
22.Rd2 Kg8 23.Red1 Rd5 24.h3 Qd6 25.Rd3 h5 26.h4 Qd7 27.Qf4 Kg7 28.Rf3 Kg8
29.a3 Rf5 30.Qe3 Qa4 31.Qb3 Rxd4 32.Rxd4 Qxd4 33.Rxf5 gxf5 34.Qf3 Qxh4 35.Qa8+ Kh7
36.Qxa7 Qc4 37.Qe3 f4 38.Qf3 Kg6 39.Kh2 f6 40.Kh3 Qe6+ 41.Kh4 Qe5 42.a4 Qg5+
43.Kh3 Kh6 44.Kh2 Qe5 45.Kh3 Qf5+ 46.Kh2 Qe5 47.g3 fxg3+ 48.Qxg3 Qd5 49.Qc3 Qd6+
50.Kg2 Qd5+ 51.Kg3 Qg5+ 52.Kh2 Qf4+ 53.Kg2 Qg4+ 54.Kh2 Qf4+ 55.Kg2 Qg4+ 56.Kh2 Qf4+  1/2-1/2